Concert d'Any Nou del Palau Güell : Petite messe solennelle, Gioachino Rossini (1792-1868) Petite messe solennelle, Gioachino Rossini (1792-1868)
Descripción Física:
1 tríptic ; il·lustracions color ; 15 x 21 cm
Materias:
Palau Güell (Barcelona) -- Activitats culturals
; Concerts (Execució musical) -- Programes
Idioma:
Catalán
MARC
| LEADER | 00000nam a22000007a 4500 | ||
|---|---|---|---|
| 001 | 27927 | ||
| 003 | Arxiu | ||
| 005 | 20260324181517.0 | ||
| 008 | 230522b spa||||| |||| 00| 0 cat d | ||
| 017 | |a B 29277-2019 | ||
| 040 | |a agdb |b cat | ||
| 245 | |a Concert d'Any Nou del Palau Güell : |b Petite messe solennelle, Gioachino Rossini (1792-1868) | ||
| 260 | |a Barcelona : |b Palau Güell : |b Diputació de Barcelona ; |c 2019 | ||
| 300 | |a 1 tríptic ; |b il·lustracions color ; |c 15 x 21 cm | ||
| 500 | |a Programa de mà del Concert d'Any Nou del Palau Güell, realitzat els dies 10 i 11 de gener de 2020 a càrrec de l'Orfeó Laudate. | ||
| 610 | 2 | 0 | |9 52964 |a Palau Güell (Barcelona) |x Activitats culturals |
| 650 | 0 | |2 Arxiu |9 43539 |a Concerts (Execució musical) |x Programes | |
| 710 | 2 | |9 17034 |a Palau Güell (Barcelona) | |
| 710 | 1 | |a Barcelona (Catalunya : Província). |b Diputació |9 52408 | |
| 942 | |2 udc |c ARXIU |n 1 | ||
| 952 | |0 0 |1 0 |2 udc |4 0 |6 FU75121 |7 1 |9 66391 |a Arxiu |b Arxiu |d 2023-05-22 |l 0 |o FU-75-121 |p 27927 |r 2023-05-22 00:00:00 |w 2023-05-22 |y ARXIU | ||
| 999 | |c 83740 |d 83740 | ||